LEADER 00942nam0-22003011i-450- 001 990005810720403321 005 19990530 010 $a84-249-1673-5 035 $a000581072 035 $aFED01000581072 035 $a(Aleph)000581072FED01 035 $a000581072 100 $a19990530d1995----km-y0itay50------ba 101 0 $aspa 105 $ay-------001yy 200 1 $aCatàlogo tipológico del cuento folklórico español$eCuentos maravillosos, Julio Camarena$fMaxime Chevalier 210 $aMadrid$cGredos$dc1995 215 $a130 p.$d25 cm 225 1 $aBiblioteca románica hispánica$h4.$iTextos$v24 700 1$aCamarena,$bJulio$0220850 702 1$aChevalier,$bMaxime 801 0$aIT$bUNINA$gRICA$2UNIMARC 901 $aBK 912 $a990005810720403321 952 $aCOLL. 434 c (24)$bDIP.FIL.MOD. 7028$fFLFBC 959 $aFLFBC 996 $aCatàlogo tipológico del cuento folklórico español$9568788 997 $aUNINA LEADER 01429nam1 2200325 i 450 001 SUN0029588 005 20160304021339.338 010 $d0.00 100 $a20041206f |0itac50 ba 101 $aita 102 $aIT 105 $a|||| ||||| 200 1 $a*Esercizi di teoria e tecnica delle costruzioni$fGuido Sarà, Pasquale Narducci 210 $aNapoli$cLiguori 215 $avol.$d24 cm. 410 1$1001SUN0018808$12001 $aManuali per l'università$1210 $aNapoli$cLiguori. 463 \1$1001SUN0029550$12001 $a<<1: >>Esercizi sul calcolo degli elementi strutturali in c.a., in c.a.p. ed in acciaio 463 \1$1001SUN0029577$12001 $a<<3: >>Fondamenti teorici ed esercizi sulla statica delle lastre, piastre, graticci, serbatoi 463 \1$1001SUN0029726$12001 $a<<2: >>Esercizi sulla statica delle strutture di fondazione e delle strutture intelaiate 463 \1$1001SUN0059441$12001 $a<<1: >>Esercizi sul calcolo degli elementi strutturali in c.a., in c.a.p. ed in acciaio 606 $aScienza delle costruzioni$xEsercizi$2IN$3SUNC031952 620 $dNapoli$3SUNL000005 676 $a624.17076$v21 700 1$aSarà$b, Guido$3SUNV024407$0293450 701 1$aNarducci$b, Pasquale$3SUNV024408$0730876 712 $aLiguori$3SUNV000052$4650 801 $aIT$bSOL$c20181109$gRICA 912 $aSUN0029588 996 $aEsercizi di teoria e tecnica delle costruzioni$91406244 997 $aUNICAMPANIA